[Event "Hull CC-ch"]
[Site "Hull CAN"]
[Date "2002.02.19"]
[Round "1"]
[White "Laurin, Jacques"]
[Black "Hastie, Robert"]
[Result "1-0"]
[WhiteElo "1876"]
[BlackElo "1677"]
[PlyCount "46"]
[EventDate "2002.02.19"]
[EventType "tourn"]
[EventRounds "5"]
[EventCountry "CAN"]

1. c4 Nf6 2. Nc3 e6 3. e4 Bb4 4. e5 Bxc3 5. bxc3 Ng8 6. Qg4 g6 7. d4 c5 8. Bd3
Nc6 9. Nf3 d6 10. Be4 d5 11. Bd3 dxc4 12. Bxc4 Qc7 13. O-O Nge7 14. Qf4 cxd4
15. Qf6 Rg8 16. Ng5 Nd8 17. Ba3 Nd5 18. Bxd5 exd5 19. Bd6 Qd7 20. Nxh7 Ne6 21.
Qf3 Kd8 22. Nf6 Qc6 23. Nxg8 dxc3 1-0

[Event "Hull CC-ch"]
[Site "Hull CAN"]
[Date "2002.02.19"]
[Round "1"]
[White "Laurin, Marcel"]
[Black "Gagnon, Fabien"]
[Result "0-1"]
[WhiteElo "1861"]
[BlackElo "2042"]
[PlyCount "58"]
[EventDate "2002.02.19"]
[EventType "tourn"]
[EventRounds "5"]
[EventCountry "CAN"]

1. d4 Nf6 2. c4 g6 3. Nc3 Bg7 4. e4 d6 5. f3 O-O 6. Be3 e5 7. d5 Nbd7 8. b4 Ne8
9. Bd3 f5 10. exf5 gxf5 11. Nge2 a5 12. b5 Nc5 13. Bxc5 dxc5 14. Qc2 Qg5 15.
O-O Nd6 16. Ng3 Qh4 17. Nce2 b6 18. Rad1 Bd7 19. a4 Rae8 20. Kh1 Rf6 21. Rg1
Rh6 22. Nf1 e4 23. g3 exd3 24. Qxd3 Qxc4 25. Nf4 Qxd3 26. Rxd3 Bd4 27. Rg2 Re1
28. Re2 Rxf1+ 29. Kg2 Rg1# 0-1

[Event "Hull CC-ch"]
[Site "Hull CAN"]
[Date "2002.02.26"]
[Round "2"]
[White "Gagnon, Fabien"]
[Black "Groleau, Gilles"]
[Result "1/2-1/2"]
[WhiteElo "2042"]
[BlackElo "2094"]
[PlyCount "61"]
[EventDate "2002.02.19"]
[EventType "tourn"]
[EventRounds "5"]
[EventCountry "CAN"]

1. d4 Nf6 2. c4 e6 3. Nc3 Bb4 4. e3 O-O 5. Bd3 c5 6. Nge2 d5 7. cxd5 cxd4 8.
exd4 exd5 9. O-O Nc6 10. f3 Be6 11. Bg5 h6 12. Bh4 g5 13. Be1 Nh5 14. f4 f5 15.
fxg5 hxg5 16. Bd2 Qf6 17. g4 Ng7 18. gxf5 Bxc3 19. bxc3 Bxf5 20. Qb3 Qe6 21.
Bxf5 Nxf5 22. Rae1 Na5 23. Qb5 Nc4 24. Ng3 Nfd6 25. Rxe6 Nxb5 26. Be1 Rxf1+ 27.
Nxf1 Kf7 28. Rh6 Kg7 29. Re6 Kf7 30. Rh6 Kg7 31. Re6 1/2-1/2

[Event "Hull CC-ch"]
[Site "Hull CAN"]
[Date "2002.02.26"]
[Round "2"]
[White "Hastie, Robert"]
[Black "Bussiere, Denis"]
[Result "1-0"]
[WhiteElo "1677"]
[BlackElo "1722"]
[PlyCount "125"]
[EventDate "2002.02.19"]
[EventType "tourn"]
[EventRounds "5"]
[EventCountry "CAN"]

1. e4 c6 2. d4 d5 3. exd5 cxd5 4. c4 Nf6 5. Nc3 Nc6 6. Bg5 dxc4 7. Bxf6 exf6 8.
d5 Ne5 9. h3 Qc7 10. Nf3 a6 11. a4 Rb8 12. a5 Bd7 13. Nxe5 fxe5 14. Qe2 Bb4 15.
Qe4 Bxa5 16. Rxa5 f5 17. Qe3 Qxa5 18. Bxc4 Qa1+ 19. Nd1 O-O 20. O-O b5 21. Be2
Rfe8 22. Qb3 Qa5 23. Ne3 Rbc8 24. Rd1 Kh8 25. Bf3 Qc7 26. d6 Qc5 27. Rd5 Qc1+
28. Rd1 Qc5 29. Rd5 Qa7 30. Rd1 Be6 31. Bd5 Bd7 32. Qd3 e4 33. Qe2 Red8 34. g3
Qc5 35. Ng2 Bc6 36. Be6 Bd7 37. Nf4 g5 38. Bxd7 Rxd7 39. Ne6 Qe5 40. Nxg5 Qf6
41. Qh5 h6 42. h4 Kg7 43. Nh3 Rc6 44. Rd5 Rf7 45. d7 Rd6 46. Nf4 Rxd5 47. Nxd5
Qd6 48. Ne3 Qxd7 49. Qe2 Qd4 50. Kg2 Kg6 51. Kh3 Rd7 52. h5+ Kf7 53. Nxf5 Qd2
54. Qxe4 Qxb2 55. Nxh6+ Kf8 56. Qf5+ Ke8 57. Qe6+ Kd8 58. Nf7+ Kc8 59. Ne5 Qd2
60. Qc6+ Kb8 61. Nxd7+ Ka7 62. Qc7+ Ka8 63. Nb6# 1-0

[Event "Hull CC-ch"]
[Site "Hull CAN"]
[Date "2002.02.26"]
[Round "2"]
[White "Laurin, Jacques"]
[Black "Laurin, Marcel"]
[Result "1-0"]
[WhiteElo "1876"]
[BlackElo "1861"]
[PlyCount "101"]
[EventDate "2002.02.19"]
[EventType "tourn"]
[EventRounds "5"]
[EventCountry "CAN"]

1. c4 Nf6 2. Nc3 g6 3. e4 d6 4. d4 Bg7 5. Be2 O-O 6. Nf3 Ne8 7. Bg5 f6 8. Be3
Be6 9. Qb3 Qc8 10. d5 Bd7 11. c5 Kh8 12. h4 h6 13. Nb5 c6 14. Nxa7 Rxa7 15.
cxd6 Ra8 16. dxe7 Rf7 17. Bc5 cxd5 18. Qxd5 Be6 19. Qd8 Qxc5 20. Qxe8+ Kh7 21.
Qg8+ Kxg8 22. e8=Q+ Kh7 23. Qxe6 Qb4+ 24. Nd2 Re7 25. Qc4 Qxb2 26. O-O Qxd2 27.
Rfd1 Qb2 28. a4 Nc6 29. Rab1 Qe5 30. h5 Qxe4 31. hxg6+ Kh8 32. Qxe4 Rxe4 33.
Bf3 Re7 34. Rd6 Rd8 35. Rbd1 Rxd6 36. Rxd6 Kg8 37. Bd5+ Kf8 38. Bf7 f5 39. f4
Bd4+ 40. Kh2 Kg7 41. g4 fxg4 42. Kg3 h5 43. Kh4 Bf2+ 44. Kg5 g3 45. f5 Be3+ 46.
Kxh5 Re5 47. Be6 Kf8 48. Rd7 Rxe6 49. fxe6 Bd4 50. e7+ Ke8 51. Rxd4 1-0

[Event "Hull CC-ch"]
[Site "Hull CAN"]
[Date "2002.03.05"]
[Round "3"]
[White "Bussiere, Denis"]
[Black "Gagnon, Fabien"]
[Result "0-1"]
[WhiteElo "1722"]
[BlackElo "2042"]
[PlyCount "60"]
[EventDate "2002.02.19"]
[EventType "tourn"]
[EventRounds "5"]
[EventCountry "CAN"]

1. e4 c5 2. Nf3 e6 3. d4 cxd4 4. Nxd4 a6 5. Nc3 Qc7 6. Be2 Nf6 7. O-O Nc6 8.
Kh1 Bb4 9. Qd3 O-O 10. Bg5 Ne5 11. Qe3 Be7 12. f4 Nc6 13. e5 Nd5 14. Nxd5 exd5
15. Bxe7 Nxe7 16. Bf3 Re8 17. Qb3 Qc5 18. Rad1 d6 19. Ne2 Be6 20. Qxb7 dxe5 21.
b4 Qc4 22. fxe5 Rab8 23. Qa7 Nc6 24. Qf2 Rxb4 25. c3 Rb2 26. Qe3 Reb8 27. Nd4
Nxd4 28. Rxd4 Qxa2 29. Bxd5 Bxd5 30. Rxd5 Qxd5 0-1

[Event "Hull CC-ch"]
[Site "Hull CAN"]
[Date "2002.03.05"]
[Round "3"]
[White "Groleau, Gilles"]
[Black "Laurin, Jacques"]
[Result "0-1"]
[WhiteElo "2094"]
[BlackElo "1876"]
[PlyCount "74"]
[EventDate "2002.02.19"]
[EventType "tourn"]
[EventRounds "5"]
[EventCountry "CAN"]

1. e4 d6 2. d4 Nf6 3. Nc3 c6 4. Nf3 g6 5. Be2 Bg7 6. O-O O-O 7. h3 Nfd7 8. Be3
Re8 9. Qd2 b5 10. a3 Nb6 11. b3 Qc7 12. Rad1 a6 13. Na2 d5 14. e5 N8d7 15. Bf4
e6 16. Bh6 Bh8 17. b4 f6 18. exf6 Nxf6 19. Nc3 Nbd7 20. Bf4 Qd8 21. Bd3 Nh5 22.
Be5 Nxe5 23. Nxe5 Bxe5 24. dxe5 Qc7 25. g4 Qxe5 26. Rfe1 Qf6 27. gxh5 gxh5 28.
Kh2 Ra7 29. Rg1+ Kh8 30. Bf1 Rf7 31. Bg2 e5 32. Rdf1 Qh4 33. Nd1 Rf3 34. Qe3
Rxe3 35. fxe3 Rg8 36. Nf2 Qg3+ 37. Kh1 Qxe3 0-1

[Event "Hull CC-ch"]
[Site "Hull CAN"]
[Date "2002.03.05"]
[Round "3"]
[White "Laurin, Marcel"]
[Black "Hastie, Robert"]
[Result "1-0"]
[WhiteElo "1861"]
[BlackElo "1677"]
[PlyCount "33"]
[EventDate "2002.02.19"]
[EventType "tourn"]
[EventRounds "5"]
[EventCountry "CAN"]

1. d4 d5 2. c4 e6 3. Nf3 Nf6 4. g3 Be7 5. Bg2 O-O 6. cxd5 exd5 7. O-O c6 8. Qc2
Re8 9. Bf4 g6 10. Ne5 Bf5 11. Qd2 Ne4 12. Bxe4 Bxe4 13. f3 Bf5 14. e4 dxe4 15.
fxe4 Bxe4 16. Nxf7 Qb6 17. Nh6+ 1-0

[Event "Hull CC-ch"]
[Site "Hull CAN"]
[Date "2002.03.12"]
[Round "4"]
[White "Hastie, Robert"]
[Black "Gagnon, Fabien"]
[Result "0-1"]
[WhiteElo "1677"]
[BlackElo "2042"]
[PlyCount "104"]
[EventDate "2002.02.19"]
[EventType "tourn"]
[EventRounds "5"]
[EventCountry "CAN"]

1. e4 c5 2. c4 Nc6 3. Nc3 g6 4. g3 Bg7 5. Bg2 d6 6. d3 e6 7. Be3 Nge7 8. Nge2
Nd4 9. O-O a6 10. Qd2 Qa5 11. Bh6 Nxe2+ 12. Nxe2 Qxd2 13. Bxd2 Bxb2 14. Rab1
Bg7 15. Rb6 Nc6 16. e5 Nxe5 17. Rxd6 Nd7 18. d4 Bf8 19. dxc5 Bxd6 20. cxd6 O-O
21. Rd1 a5 22. Bh6 Rd8 23. Nc3 Rb8 24. Nb5 b6 25. Nc7 Bb7 26. Bh3 Bc6 27. Bg5
Rdc8 28. Be7 b5 29. cxb5 Bxb5 30. a3 Ba4 31. Re1 Rb3 32. Nxe6 Rcb8 33. Nd4 Rb1
34. Rxb1 Rxb1+ 35. Kg2 f5 36. Bd8 Rd1 37. Nxf5 Bc6+ 38. f3 gxf5 39. Bxf5 a4 40.
Bxd7 Bxd7 41. Ba5 Rd3 42. Bb4 Bc6 43. Kf2 Rxf3+ 44. Ke2 Rb3 45. Bc5 Rb2+ 46.
Ke3 Rxh2 47. Kf4 Kf7 48. Kg5 h6+ 49. Kf4 Rc2 50. Bd4 Rc4 51. Ke5 Kg6 52. Bb6
Re4# 0-1

[Event "Hull CC-ch"]
[Site "Hull CAN"]
[Date "2002.03.12"]
[Round "4"]
[White "Laurin, Jacques"]
[Black "Bussiere, Denis"]
[Result "1-0"]
[WhiteElo "1876"]
[BlackElo "1722"]
[PlyCount "81"]
[EventDate "2002.02.19"]
[EventType "tourn"]
[EventRounds "5"]
[EventCountry "CAN"]

1. c4 e5 2. g3 Nf6 3. Nc3 d5 4. cxd5 Nxd5 5. Bg2 Nb6 6. d3 Be7 7. Be3 c5 8. Nf3
Nc6 9. Rc1 Nd5 10. Bd2 O-O 11. Nxe5 Nxc3 12. Bxc3 Nxe5 13. Bxe5 Qa5+ 14. Qd2
Qxa2 15. O-O Qe6 16. Qc3 f6 17. Bf4 Re8 18. Be3 Rb8 19. Qa5 Qa6 20. Bd5+ Kh8
21. Qxa6 bxa6 22. b3 Bd7 23. Bf4 Rbd8 24. Bb7 Bc8 25. Bc6 Bd7 26. Bf3 Bb5 27.
Rc3 Rc8 28. Bg4 Rcd8 29. Bc7 Rd5 30. Be6 Rd4 31. Rd1 Bf8 32. e3 Rb4 33. Bd5 Bd7
34. Ba5 Rbb8 35. d4 Rb5 36. dxc5 Rxa5 37. b4 Rb5 38. Bc4 Rxb4 39. Rxd7 Bxc5 40.
Bf7 Rc8 41. Rxc5 1-0

[Event "Hull CC-ch"]
[Site "Hull CAN"]
[Date "2002.03.12"]
[Round "4"]
[White "Laurin, Marcel"]
[Black "Groleau, Gilles"]
[Result "0-1"]
[WhiteElo "1861"]
[BlackElo "2094"]
[PlyCount "106"]
[EventDate "2002.02.19"]
[EventType "tourn"]
[EventRounds "5"]
[EventCountry "CAN"]

1. d4 Nf6 2. c4 e6 3. a3 d5 4. cxd5 exd5 5. Nc3 c6 6. Bf4 Bf5 7. e3 Nbd7 8. Bd3
Bxd3 9. Qxd3 Be7 10. Nf3 O-O 11. Ng5 Re8 12. h4 Nf8 13. Rh3 h6 14. Nf3 Ng6 15.
Bxh6 gxh6 16. h5 Nh8 17. Qf5 Qd7 18. Rg3+ Kf8 19. Qf4 Ng8 20. Ne5 Qe6 21. Ne2
Bg5 22. Qf3 Rad8 23. Nf4 Qf6 24. Qg4 Ke7 25. Rf3 Bxf4 26. Rxf4 Qg5 27. Qf3 f6
28. Rg4 fxe5 29. Rxg5 hxg5 30. Qf5 exd4 31. Qe5+ Kd7 32. Qxh8 dxe3 33. f3 Ne7
34. Qd4 b6 35. Ke2 c5 36. Qg4+ Kc6 37. Qxg5 d4 38. Rd1 Rd5 39. Qf6+ Kd7 40. g4
Rd6 41. Qf7 Kd8 42. Qf4 Rd7 43. Qb8+ Nc8 44. Qf4 Nd6 45. b3 Kc8 46. a4 Nb7 47.
g5 d3+ 48. Rxd3 Rxd3 49. Kxd3 e2 50. Qg4+ Kd8 51. Qg3 e1=Q 52. Qxe1 Rxe1 53. f4
Nd6 0-1

[Event "Hull CC-ch"]
[Site "Hull CAN"]
[Date "2002.03.19"]
[Round "5"]
[White "Bussiere, Denis"]
[Black "Laurin, Marcel"]
[Result "1-0"]
[WhiteElo "1722"]
[BlackElo "1861"]
[PlyCount "123"]
[EventDate "2002.02.19"]
[EventType "tourn"]
[EventRounds "5"]
[EventCountry "CAN"]

1. e4 c5 2. Nf3 Nc6 3. d4 cxd4 4. Nxd4 e5 5. Nb5 d6 6. N1c3 a6 7. Na3 Nf6 8.
Bg5 Be7 9. Bxf6 Bxf6 10. Nd5 b5 11. c3 O-O 12. Nc2 Bg5 13. Nde3 Ra7 14. h4 Bxe3
15. Nxe3 Be6 16. Bd3 Kh8 17. Qc2 Rc7 18. a3 Nd4 19. Qd1 Bb3 20. Bc2 Nxc2+ 21.
Nxc2 f5 22. exf5 Rxf5 23. Qd3 e4 24. Qh3 Qf6 25. Ne3 Rxf2 26. Ng4 Qf4 27. Nxf2
e3 28. Ng4 Rf7 29. Qxe3 Qf5 30. Kd2 h5 31. Qg5 Qc2+ 32. Ke3 hxg4 33. Raf1 Qxb2
34. Rxf7 Qxc3+ 35. Kf2 Qd4+ 36. Kg3 Bxf7 37. Qxg4 Qc5 38. Rf1 Kg8 39. Qf5 Qe3+
40. Rf3 Qe1+ 41. Rf2 Qe7 42. Qc8+ Be8 43. Qf5 Bd7 44. Qd5+ Be6 45. Qa8+ Kh7 46.
Qe4+ g6 47. Re2 d5 48. Qxe6 Qxa3+ 49. Re3 Qf8 50. Qe7+ Qxe7 51. Rxe7+ Kh6 52.
Ra7 Kh5 53. Rxa6 g5 54. hxg5 Kxg5 55. Rd6 d4 56. Rxd4 Kf5 57. Rd5+ Kf6 58. Rxb5
Ke6 59. Kf4 Kf6 60. g4 Kg6 61. Rb6+ Kf7 62. Kf5 1-0

[Event "Hull CC-ch"]
[Site "Hull CAN"]
[Date "2002.03.19"]
[Round "5"]
[White "Gagnon, Fabien"]
[Black "Laurin, Jacques"]
[Result "1-0"]
[WhiteElo "2042"]
[BlackElo "1876"]
[PlyCount "61"]
[EventDate "2002.02.19"]
[EventType "tourn"]
[EventRounds "5"]
[EventCountry "CAN"]

1. d4 d6 2. c4 Nf6 3. Nc3 g6 4. e4 Bg7 5. f3 O-O 6. Be3 c6 7. Qd2 e5 8. Nge2
Nfd7 9. O-O-O Qa5 10. Kb1 Nb6 11. Nc1 N6d7 12. h4 Nf6 13. h5 Nxh5 14. Bh6 f5
15. Bxg7 Kxg7 16. exf5 Bxf5+ 17. Ka1 Be6 18. Qg5 Qd8 19. Rxh5 Qxg5 20. Rxg5 h6
21. Rg3 Nd7 22. d5 cxd5 23. Nxd5 Bxd5 24. Rxd5 Rf6 25. Be2 Re8 26. Rd1 e4 27.
fxe4 Rxe4 28. b3 Ne5 29. Rc3 Ng4 30. Bf3 Ne3 31. Rdd3 1-0

[Event "Hull CC-ch"]
[Site "Hull CAN"]
[Date "2002.03.19"]
[Round "5"]
[White "Groleau, Gilles"]
[Black "Hastie, Robert"]
[Result "1-0"]
[WhiteElo "2094"]
[BlackElo "1677"]
[PlyCount "75"]
[EventDate "2002.02.19"]
[EventType "tourn"]
[EventRounds "5"]
[EventCountry "CAN"]

1. e4 e5 2. Nf3 Nc6 3. Bb5 a6 4. Ba4 Nf6 5. Qe2 b5 6. Bb3 Bc5 7. a4 Rb8 8. axb5
axb5 9. Nc3 d6 10. h3 Bd7 11. O-O O-O 12. d3 Ne7 13. Bg5 Ng6 14. Nd5 Be6 15.
Kh2 c6 16. Nxf6+ gxf6 17. Bh6 d5 18. g3 Qd7 19. Ng1 Rfe8 20. Qh5 Bf8 21. exd5
cxd5 22. f4 Bxh6 23. Qxh6 exf4 24. gxf4 Qd6 25. Kh1 Bf5 26. Qh5 Qd7 27. Rf2 d4
28. Bxf7+ Kxf7 29. Ra7 Rb7 30. Qxh7+ Kf8 31. Rxb7 Qxh7 32. Rxh7 Re3 33. Rh5 Ne7
34. Re2 Bd7 35. Kg2 Nd5 36. Rxd5 Bc6 37. Rxe3 Bxd5+ 38. Rf3 1-0

[Event "Hull CC-ch B"]
[Site "Hull CAN"]
[Date "2002.02.26"]
[Round "2"]
[White "Villeneuve, Luc"]
[Black "Blais, Robert"]
[Result "1-0"]
[WhiteElo "1678"]
[BlackElo "1715"]
[PlyCount "61"]
[EventDate "2002.02.19"]
[EventType "tourn"]
[EventRounds "5"]
[EventCountry "CAN"]

1. e4 c5 2. Nc3 Nc6 3. g3 e5 4. Bg2 d6 5. d3 Be7 6. h3 Be6 7. Nge2 Qd7 8. f4 f5
9. exf5 Bxf5 10. Nd5 h5 11. Nxe7 Ngxe7 12. fxe5 Nxe5 13. Be3 d5 14. Bxc5 N7c6
15. Nf4 O-O-O 16. Qd2 Qf7 17. O-O-O d4 18. Kb1 g5 19. Nxh5 Be6 20. g4 Bxa2+ 21.
Ka1 Rh6 22. Rhf1 Qg8 23. Nf6 Qg7 24. Ne4 Rg6 25. Kxa2 Na5 26. Kb1 Nac4 27. dxc4
Nxc4 28. Qb4 Ne3 29. Bxd4 Rxd4 30. Qxd4 Qxd4 31. Rxd4 1-0

[Event "Hull CC-ch B"]
[Site "Hull CAN"]
[Date "2002.03.05"]
[Round "3"]
[White "Lemieux, Richard"]
[Black "Papineau, Andre"]
[Result "1/2-1/2"]
[WhiteElo "1720"]
[BlackElo "1674"]
[PlyCount "146"]
[EventDate "2002.02.19"]
[EventType "tourn"]
[EventRounds "5"]
[EventCountry "CAN"]

1. Nf3 Nf6 2. b3 g6 3. Bb2 Bg7 4. d4 d5 5. e3 O-O 6. c4 c6 7. c5 Ne4 8. b4 Bg4
9. h3 Bxf3 10. gxf3 Nf6 11. Bd3 Nfd7 12. f4 f5 13. h4 Nf6 14. f3 e6 15. Nd2
Nbd7 16. Ke2 Nh5 17. Qg1 a5 18. b5 Nxc5 19. dxc5 Bxb2 20. Rb1 Ba3 21. bxc6 bxc6
22. Nb3 Rb8 23. Nd4 Rxb1 24. Bxb1 Qd7 25. Qg5 Bxc5 26. Rg1 Bxd4 27. exd4 Kh8
28. Ke3 Rb8 29. Bd3 Rb2 30. Qh6 Qe8 31. Rc1 Kg8 32. Rg1 Kh8 33. Rc1 Rb6 34. Rc5
a4 35. Ra5 Rb8 36. Ra7 Qg8 37. Ba6 Ra8 38. Rxa8 Qxa8 39. Bb7 Qb8 40. Bxc6 Qc8
41. Kf2 Kg8 42. Bxa4 Qc3 43. Bd7 Qxd4+ 44. Ke1 Qe3+ 45. Kd1 Qxf3+ 46. Kd2 Nxf4
47. Qg5 Qd3+ 48. Kc1 Ne2+ 49. Kb2 Qd4+ 50. Kc2 Qe4+ 51. Kb2 Qd4+ 52. Kb1 Kf7
53. Qh6 Qb4+ 54. Kc2 Nd4+ 55. Kc1 Qa3+ 56. Kb1 Qd3+ 57. Kb2 Qc2+ 58. Ka1 Qc3+
59. Kb1 Kg8 60. Qg5 Qb4+ 61. Kc1 Ne2+ 62. Kc2 Nd4+ 63. Kc1 Qc5+ 64. Kb2 Qb6+
65. Kc3 Qc7+ 66. Kxd4 Qxd7 67. Qf6 Qa4+ 68. Ke5 Qe4+ 69. Kd6 d4 70. Qd8+ Kg7
71. Qe7+ Kh6 72. Qg5+ Kg7 73. Qe7+ Kg8 1/2-1/2

[Event "Hull CC-ch B"]
[Site "Hull CAN"]
[Date "2002.03.05"]
[Round "3"]
[White "Papineau, Andre"]
[Black "Blais, Robert"]
[Result "1-0"]
[WhiteElo "1674"]
[BlackElo "1715"]
[PlyCount "59"]
[EventDate "2002.02.19"]
[EventType "tourn"]
[EventRounds "5"]
[EventCountry "CAN"]

1. d4 Nf6 2. c4 e6 3. Nf3 Bb4+ 4. Bd2 Bxd2+ 5. Nbxd2 d5 6. e3 Nc6 7. cxd5 exd5
8. Bb5 Bd7 9. Bxc6 Bxc6 10. Ne5 Bb5 11. a4 Ba6 12. b4 c6 13. Qb3 Bc4 14. Ndxc4
dxc4 15. Qxc4 O-O 16. O-O Ne4 17. Qc2 Ng5 18. f4 f6 19. Qc4+ Nf7 20. Nxf7 Rxf7
21. e4 Qe7 22. e5 Kh8 23. e6 Rff8 24. f5 Rfd8 25. Qc5 Qxc5 26. dxc5 Rd4 27.
Rad1 Rad8 28. Rxd4 Rxd4 29. e7 Re4 30. Rd1 1-0

[Event "Hull CC-ch B"]
[Site "Hull CAN"]
[Date "2002.03.12"]
[Round "4"]
[White "Villeneuve, Luc"]
[Black "Scantland, Patrick"]
[Result "1-0"]
[WhiteElo "1678"]
[BlackElo "1662"]
[PlyCount "73"]
[EventDate "2002.02.19"]
[EventType "tourn"]
[EventRounds "5"]
[EventCountry "CAN"]

1. e4 c5 2. Nc3 Nc6 3. g3 g6 4. Bg2 Bg7 5. d3 d6 6. Be3 Rb8 7. Qd2 Bd7 8. Rb1
e6 9. Nce2 b5 10. f4 Nge7 11. Nf3 O-O 12. O-O a5 13. e5 Qc7 14. Nc3 f5 15. exf6
Bxf6 16. Ne4 Bg7 17. Bf2 h6 18. Rfe1 Nb4 19. a3 Nbd5 20. d4 c4 21. c3 Nf6 22.
Nxf6+ Bxf6 23. Re2 Nd5 24. f5 g5 25. fxe6 Bc6 26. Qc2 Qg7 27. Rbe1 Rfe8 28. Nd2
Ba8 29. Ne4 Rxe6 30. Nxf6+ Rxf6 31. Re8+ Rxe8 32. Rxe8+ Rf8 33. Rxa8 Nf6 34.
Rxf8+ Kxf8 35. Qf5 Qf7 36. g4 d5 37. Bg3 1-0

[Event "Hull CC-ch B"]
[Site "Hull CAN"]
[Date "2002.03.19"]
[Round "5"]
[White "Lemieux, Richard"]
[Black "Villeneuve, Luc"]
[Result "0-1"]
[WhiteElo "1720"]
[BlackElo "1678"]
[PlyCount "80"]
[EventDate "2002.02.19"]
[EventType "tourn"]
[EventRounds "5"]
[EventCountry "CAN"]

1. Nf3 Nf6 2. b3 g6 3. Bb2 Bg7 4. d4 O-O 5. e3 d5 6. Be2 b6 7. O-O Bb7 8. Nbd2
Nbd7 9. c4 c5 10. Ne5 Rc8 11. Bf3 e6 12. g3 Nxe5 13. dxe5 Nd7 14. cxd5 Nxe5 15.
Bxe5 Bxe5 16. dxe6 Bxf3 17. exf7+ Rxf7 18. Nxf3 Bxa1 19. Qxa1 Rxf3 20. Rd1 Qf6
21. Qxf6 Rxf6 22. f4 Re8 23. Kf2 Rfe6 24. Re1 Kf7 25. Kf3 Kf6 26. e4 a6 27. e5+
Kf7 28. Rd1 g5 29. Rd7+ R8e7 30. Rd8 gxf4 31. gxf4 Rh6 32. Kg3 Rc7 33. h4 b5
34. f5 c4 35. Kg4 c3 36. Rd1 c2 37. Rc1 Rhc6 38. Kg5 h6+ 39. Kf4 Kf8 40. h5 Rd7
0-1

[Event "Hull CC-ch C"]
[Site "Hull CAN"]
[Date "2002.02.26"]
[Round "2"]
[White "Boffo, Mario"]
[Black "Seguin, Hubert"]
[Result "1-0"]
[WhiteElo "1148"]
[BlackElo "1598"]
[PlyCount "125"]
[EventDate "2002.02.19"]
[EventType "swiss"]
[EventRounds "5"]
[EventCountry "CAN"]

1. d4 Nf6 2. Nf3 d5 3. Bf4 Bf5 4. e3 a6 5. Bd3 e6 6. Nbd2 Nbd7 7. Ne5 Nxe5 8.
Bxe5 Bxd3 9. cxd3 Nd7 10. Bf4 Be7 11. O-O O-O 12. e4 dxe4 13. dxe4 Nf6 14. Be3
Qd7 15. e5 Nd5 16. Qe2 Rfc8 17. Ne4 b5 18. Qg4 a5 19. a3 c6 20. Rad1 Rc7 21.
Bh6 g6 22. h4 f5 23. exf6 Nxf6 24. Nxf6+ Bxf6 25. Bg5 Bg7 26. Bf4 Rcc8 27. Be5
Qd5 28. h5 Qd7 29. hxg6 hxg6 30. Qxg6 Qf7 31. Qg3 Ra6 32. f4 Ra7 33. Qg4 Qf5
34. Qg3 Rd7 35. b3 Kf8 36. Qc3 Kf7 37. Qxa5 Rg8 38. Qb6 Qe4 39. Rde1 Qd5 40. b4
Bh6 41. Rf2 Kg6 42. Kf1 Kf5 43. Rc1 Qe4 44. Rxc6 Qb1+ 45. Ke2 Rg3 46. Qxb5 Qb2+
47. Ke1 Re3+ 48. Re2 Qb1+ 49. Kd2 Rxa3 50. Bd6+ Kf6 51. Qe5+ Kf7 52. Qh5+ Kg7
53. Be5+ Kh7 54. Rxe6 Qxb4+ 55. Kd1 Ra1+ 56. Kc2 Qc4+ 57. Kd2 Rxd4+ 58. Ke3
Re4+ 59. Kf3 Qxe2+ 60. Kg3 Qxh5 61. Re7+ Kg6 62. Re6+ Kf5 63. Rf6# 1-0

[Event "Hull CC-ch C"]
[Site "Hull CAN"]
[Date "2002.03.05"]
[Round "3"]
[White "Boffo, Mario"]
[Black "Dallaire, Dominic"]
[Result "0-1"]
[WhiteElo "1148"]
[BlackElo "1638"]
[PlyCount "54"]
[EventDate "2002.02.19"]
[EventType "swiss"]
[EventRounds "5"]
[EventCountry "CAN"]

1. d4 Nf6 2. Bf4 g6 3. Nf3 Bg7 4. e3 d6 5. Be2 O-O 6. O-O Bf5 7. d5 c6 8. c4
cxd5 9. cxd5 Qb6 10. Qd2 Ne4 11. Qd1 Qxb2 12. Nbd2 Nc3 13. Qb3 Nxe2+ 14. Kh1
Qxb3 15. Nxb3 Bxa1 16. Nxa1 Nd7 17. Nc2 Bxc2 18. h4 Nf6 19. Bg5 Rac8 20. Bh6
Rfe8 21. Ng5 Ng4 22. Re1 Bd3 23. Rd1 Nxf2+ 24. Kh2 Nxd1 25. Nf3 Nf2 26. Ne1 Rc1
27. Nxd3 Rh1# 0-1

[Event "Hull CC-ch C"]
[Site "Hull CAN"]
[Date "2002.03.05"]
[Round "3"]
[White "Menard, Marc"]
[Black "Beauparlant, Roch"]
[Result "0-1"]
[WhiteElo "1540"]
[BlackElo "1535"]
[PlyCount "90"]
[EventDate "2002.02.19"]
[EventType "swiss"]
[EventRounds "5"]
[EventCountry "CAN"]

1. e4 Nf6 2. e5 Nd5 3. c4 Nb6 4. Nf3 d6 5. Be2 dxe5 6. Nxe5 N8d7 7. d4 Nxe5 8.
dxe5 Qxd1+ 9. Bxd1 Nxc4 10. Ba4+ c6 11. f4 Bf5 12. Nc3 e6 13. O-O Bc5+ 14. Kh1
O-O 15. a3 Rfd8 16. Bb3 Nd2 17. Bxd2 Rxd2 18. Na4 Be7 19. Rad1 Rad8 20. Rxd2
Rxd2 21. Rd1 Rxd1+ 22. Bxd1 b5 23. Nc3 a5 24. Bf3 b4 25. axb4 axb4 26. Na4 c5
27. Be2 Kf8 28. Kg1 Ke8 29. Kf2 Be4 30. g3 Kd7 31. Ke3 Bd5 32. Bb5+ Bc6 33.
Nb6+ Kc7 34. Bxc6 Kxc6 35. Nc8 Bf8 36. Kd3 Kb7 37. Nd6+ Bxd6 38. exd6 Kc6 39.
Kc4 Kxd6 40. g4 g5 41. fxg5 e5 42. h4 e4 43. h5 Ke5 44. g6 fxg6 45. hxg6 hxg6
0-1

[Event "Hull CC-ch C"]
[Site "Hull CAN"]
[Date "2002.03.12"]
[Round "4"]
[White "Mai, Lloyd"]
[Black "Seguin, Hubert"]
[Result "1/2-1/2"]
[WhiteElo "1246"]
[BlackElo "1509"]
[PlyCount "80"]
[EventDate "2002.02.19"]
[EventType "swiss"]
[EventRounds "5"]
[EventCountry "CAN"]

1. e4 Nf6 2. Nc3 e5 3. Nf3 Nc6 4. Bc4 Nxe4 5. Bxf7+ Kxf7 6. Nxe4 Be7 7. d4 exd4
8. Nxd4 Nxd4 9. Qxd4 d5 10. Nc3 Be6 11. O-O c5 12. Qf4+ Bf6 13. Re1 Qd7 14. Bd2
Rhe8 15. h3 Kg8 16. Qf3 Rad8 17. Bf4 Rf8 18. Qe3 Rde8 19. Qxc5 Bxc3 20. Qxc3
Rxf4 21. Qe3 Rf6 22. Qxa7 Ref8 23. Re2 Bxh3 24. Qa3 Bxg2 25. Kxg2 Qg4+ 26. Kf1
Rf3 27. Qc5 Rg3 28. Qxd5+ Kh8 29. Qh1 Rh3 30. Qg2 Qh5 31. Kg1 Rh4 32. Re3 Rg4
33. Rg3 Rxg3 34. Qxg3 Qf5 35. Re1 Qxc2 36. Re7 Qxb2 37. Qf4 Qb1+ 38. Kh2 Rd8
39. Qd6 Rf8 40. Rf7 Rg8 1/2-1/2

[Event "Icebreaker op"]
[Site "Winnipeg CAN"]
[Date "2002.04.19"]
[Round "1.1"]
[White "Kaptsan, Aron"]
[Black "Sapina, Hrvoje"]
[Result "1-0"]
[WhiteElo "2105"]
[BlackElo "1649"]
[PlyCount "71"]
[EventDate "2002.04.19"]
[EventType "swiss"]
[EventRounds "5"]
[EventCountry "CAN"]

1. d4 d5 2. c4 Nf6 3. cxd5 Qxd5 4. Nc3 Qh5 5. Nf3 e6 6. Bf4 c6 7. e3 Bb4 8. Be5
Nbd7 9. Be2 Nxe5 10. Nxe5 Qg5 11. O-O Bd6 12. f4 Qh6 13. Rf3 g6 14. Rh3 Qg7 15.
Rc1 O-O 16. Na4 Rd8 17. Nc5 Qf8 18. Qe1 Nd7 19. Qh4 h6 20. Ng4 h5 21. Nxd7 Bxd7
22. Nf6+ Kh8 23. Bxh5 Qh6 24. Bxg6 Qxh4 25. Rxh4+ Kg7 26. Nxd7 fxg6 27. Nc5
Bxc5 28. Rxc5 Rd5 29. Rc3 Ra5 30. a3 Rb5 31. Rc2 Rd8 32. Rh3 Rb3 33. Kf2 Rd5
34. e4 Rdb5 35. Rxb3 Rxb3 36. Ke2 1-0

[Event "Icebreaker op"]
[Site "Winnipeg CAN"]
[Date "2002.04.19"]
[Round "1.2"]
[White "Gannon, Keith"]
[Black "Schulz, Waldemar"]
[Result "0-1"]
[WhiteElo "1558"]
[BlackElo "2094"]
[PlyCount "102"]
[EventDate "2002.04.19"]
[EventType "swiss"]
[EventRounds "5"]
[EventCountry "CAN"]

1. c4 Nf6 2. d4 g6 3. Nc3 d5 4. e3 Bg7 5. Nf3 O-O 6. Be2 c5 7. O-O cxd4 8. Nxd4
a6 9. cxd5 Nxd5 10. Nxd5 Qxd5 11. Qb3 Qxb3 12. Nxb3 Nc6 13. Rd1 Bf5 14. Nd2 Bc2
15. Re1 Rfd8 16. Nf3 Rd6 17. h3 Rad8 18. Kh2 e5 19. Ng1 e4 20. f3 Nb4 21. fxe4
Bxe4 22. Rf1 Nc2 23. Rb1 Ne1 24. Rxe1 Bxb1 25. a4 Bc2 26. a5 Bb3 27. Bf3 R8d7
28. e4 Be5+ 29. g3 Bd1 30. Bg2 Rc6 31. Bf4 Bxf4 32. gxf4 Rc2 33. Kg3 Rd3+ 34.
Bf3 Bxf3 35. Nxf3 Rxb2 36. e5 Rbb3 37. Rf1 Ra3 38. Kg4 h5+ 39. Kg3 Rxa5 40. h4
Raa3 41. Kg2 Rxf3 42. Rxf3 Rxf3 43. Kxf3 b5 44. Ke4 b4 45. Kd4 a5 46. Kc4 Kf8
47. Kb3 Ke7 48. Kb2 a4 49. Ka2 Ke6 50. Kb2 Kf5 51. Kc2 Kxf4 0-1